Statistics for Countries that Start with a Vowel

Click here to take the quiz!

General Stats

  • This quiz has been taken 86,618 times
    (86,238 since last reset)
  • The average score is 27 of 37

Answer Stats

LetterAnswer% Correct
OOman
93%
UUnited Kingdom
87%
IIndia
86%
UUnited States
86%
AAustralia
85%
EEthiopia
80%
IIndonesia
80%
UUruguay
80%
AAlbania
79%
AArmenia
79%
AAustria
79%
AAzerbaijan
79%
AAndorra
78%
IIreland
78%
UUzbekistan
78%
AAlgeria
77%
AArgentina
77%
UUganda
77%
EEritrea
76%
EEstonia
76%
IIran
76%
IIraq
76%
IIceland
75%
AAngola
74%
EEcuador
74%
AAfghanistan
73%
IItaly
72%
EEgypt
70%
U
United Arab
Emirates
69%
A
Antigua and
Barbuda
64%
IIsrael
64%
UUkraine
64%
EEl Salvador
60%
EEswatini
57%
EEast Timor
54%
EEquatorial Guinea
48%
IIvory Coast
43%

Score Distribution

Percentile by Number Answered

Percent of People with Each Score

Your Score History

You have not taken this quiz since the last reset